[Event "Oberliga NRW 2223"]
[Site "Germany"]
[Date "2022.11.06"]
[Round "4.3"]
[White "Wolter, Kai"]
[Black "Karger, Frank"]
[Result "1-0"]
[WhiteElo "2226"]
[BlackElo "2253"]
[PlyCount "61"]
[EventDate "2022.09.11"]
[EventType "team-tourn"]
[EventRounds "9"]
[EventCountry "GER"]
[SourceTitle "EXT 2025"]
[Source "ChessBase"]
[SourceDate "2024.10.14"]
[SourceVersion "1"]
[SourceVersionDate "2024.10.14"]
[SourceQuality "1"]
[WhiteTeam "Muenster"]
[BlackTeam "Dortmund Hansa"]
[WhiteTeamCountry "GER"]
[BlackTeamCountry "GER"]

1. e4 c6 2. d4 d5 3. e5 c5 4. dxc5 e6 5. Nf3 Bxc5 6. Bd3 Ne7 7. 0-0 Nbc6 8. a3 a5 9. Re1 Ng6 10. Nc3 0-0 11. Bg5 Qc7 12. Qe2 Bd7 13. h4 Nd4 14. Nxd4 Bxd4 15. Rad1 Bxe5 16. Bxg6 Bxc3 17. Bxh7+ Kxh7 18. Qd3+ Kg8 19. bxc3 Rac8 20. Bd2 Rfd8 21. h5 e5 22. h6 Be6 23. hxg7 f6 24. Bh6 Qxc3 25. Qg6 e4 26. Be3 Qe5 27. Bd4 Qf5 28. Qxf6 Qxf6 29. Bxf6 Rd6 30. Rd2 Rdc6 31. Rb1 1-0

[Event "Bundesliga 1516"]
[Site "Germany"]
[Date "2016.03.12"]
[Round "10.1"]
[White "Naumann, Alexander"]
[Black "Karger, Frank"]
[Result "1-0"]
[WhiteElo "2543"]
[BlackElo "2282"]
[PlyCount "91"]
[EventDate "2015.09.18"]
[EventType "team-tourn"]
[EventRounds "15"]
[EventCountry "GER"]
[SourceTitle "CBM 172"]
[Source "ChessBase"]
[SourceDate "2016.05.12"]
[SourceVersion "1"]
[SourceVersionDate "2016.05.12"]
[SourceQuality "1"]
[WhiteTeam "Solingen"]
[BlackTeam "Dortmund Hansa"]
[WhiteTeamCountry "GER"]
[BlackTeamCountry "GER"]

1. d4 Nf6 2. c4 g6 3. Nf3 Bg7 4. g3 0-0 5. Bg2 d6 6. 0-0 Nc6 7. Nc3 Rb8 8. Bf4 a6 9. Rc1 Bd7 10. Qd2 Re8 11. Rfd1 b5 12. Nd5 bxc4 13. Nxf6+ Bxf6 14. Rxc4 e6 15. b3 Ne7 16. e4 Bb5 17. Rc2 Bc6 18. Bg5 Bxg5 19. Nxg5 h6 20. Nh3 Kh7 21. Rdc1 Ba8 22. Rxc7 Rc8 23. Qc3 d5 24. Rxc8 Nxc8 25. e5 Ne7 26. Nf4 Nc6 27. h4 Qb6 28. h5 g5 29. Ne2 Kg8 30. Qe3 Ne7 31. g4 Bc6 32. Rc5 Bb5 33. Nc3 Rc8 34. Rxc8+ Nxc8 35. a4 Be8 36. Ne2 Ne7 37. f4 gxf4 38. Nxf4 Nc6 39. Ne2 Na5 40. Qxh6 Qxb3 41. Qg5+ Kf8 42. Kh2 Qc2 43. Nf4 Nc6 44. Qf6 Kg8 45. Ng6 fxg6 46. h6 1-0

[Event "Bundesliga 1516"]
[Site "Germany"]
[Date "2016.02.21"]
[Round "9.2"]
[White "Tischbierek, Raj"]
[Black "Karger, Frank"]
[Result "1-0"]
[WhiteElo "2433"]
[BlackElo "2282"]
[PlyCount "81"]
[EventDate "2015.09.18"]
[EventType "team-tourn"]
[EventRounds "15"]
[EventCountry "GER"]
[SourceTitle "CBM 171"]
[Source "ChessBase"]
[SourceDate "2016.03.14"]
[SourceVersion "2"]
[SourceVersionDate "2016.03.14"]
[SourceQuality "1"]
[WhiteTeam "Dresden TU"]
[BlackTeam "Dortmund Hansa"]
[WhiteTeamCountry "GER"]
[BlackTeamCountry "GER"]

1. g3 Nf6 2. Bg2 g6 3. e4 d6 4. d4 Bg7 5. Nc3 0-0 6. Nge2 e5 7. h3 exd4 8. Nxd4 Re8 9. 0-0 Nc6 10. Be3 Bd7 11. Re1 a6 12. f4 Rb8 13. g4 Nxd4 14. Bxd4 Bc6 15. Qd2 Re7 16. g5 Nh5 17. Bxg7 Nxg7 18. Nd1 d5 19. e5 d4 20. Bxc6 bxc6 21. b3 Nf5 22. Nf2 h6 23. gxh6 Nxh6 24. Ne4 Nf5 25. Qg2 Kg7 26. Rad1 Qd5 27. c4 Qa5 28. Ng3 Nxg3 29. Qxg3 Rbe8 30. Rxd4 Qxa2 31. Rde4 Kf8 32. f5 gxf5 33. Rh4 Re6 34. Rh8+ Ke7 35. Qg5+ Kd7 36. Rxe8 Rxe8 37. Qxf5+ Ke7 38. Qf6+ Kf8 39. e6 Rxe6 40. Rxe6 Qb1+ 41. Kf2 1-0

[Event "Bundesliga 1516"]
[Site "Germany"]
[Date "2016.02.07"]
[Round "6.8"]
[White "Karger, Frank"]
[Black "Voekler, Bernd"]
[Result "1-0"]
[WhiteElo "2282"]
[BlackElo "2352"]
[PlyCount "75"]
[EventDate "2015.09.18"]
[EventType "team-tourn"]
[EventRounds "15"]
[EventCountry "GER"]
[SourceTitle "CBM 171"]
[Source "ChessBase"]
[SourceDate "2016.03.14"]
[SourceVersion "2"]
[SourceVersionDate "2016.03.14"]
[SourceQuality "1"]
[WhiteTeam "Dortmund Hansa"]
[BlackTeam "Erfurt"]
[WhiteTeamCountry "GER"]
[BlackTeamCountry "GER"]

1. d4 Nf6 2. c4 g6 3. f3 Bg7 4. e4 d6 5. Nc3 0-0 6. Nge2 Nc6 7. Be3 a6 8. Qd2 Rb8 9. Rc1 e6 10. g3 Bd7 11. Nd1 Ne8 12. Bg2 f5 13. Nf2 b6 14. 0-0 Qe7 15. Rfd1 e5 16. d5 Nd8 17. b4 Nf7 18. c5 bxc5 19. bxc5 Ba4 20. Re1 dxc5 21. Nd3 c4 22. Nc5 Bb5 23. a4 Bd7 24. Nxd7 Qxd7 25. Rxc4 Nfd6 26. Rb4 Nf6 27. Bh3 a5 28. Rxb8 Rxb8 29. Qc2 Rb4 30. Nc3 Qc8 31. Nb5 Nfe8 32. exf5 gxf5 33. Bf1 Nxb5 34. axb5 Bf8 35. Bd2 Bd6 36. Bxb4 axb4 37. Bd3 Ng7 38. Qc6 1-0

[Event "Bundesliga 1516"]
[Site "Germany"]
[Date "2016.02.06"]
[Round "5.8"]
[White "Raykhman, Alexander"]
[Black "Karger, Frank"]
[Result "1-0"]
[WhiteElo "2414"]
[BlackElo "2282"]
[PlyCount "71"]
[EventDate "2015.09.18"]
[EventType "team-tourn"]
[EventRounds "15"]
[EventCountry "GER"]
[SourceTitle "CBM 171"]
[Source "ChessBase"]
[SourceDate "2016.03.14"]
[SourceVersion "2"]
[SourceVersionDate "2016.03.14"]
[SourceQuality "1"]
[WhiteTeam "Schwaebisch Hall"]
[BlackTeam "Dortmund Hansa"]
[WhiteTeamCountry "GER"]
[BlackTeamCountry "GER"]

1. d4 Nf6 2. c4 g6 3. Nc3 Bg7 4. e4 d6 5. Be2 0-0 6. Nf3 Na6 7. Be3 e5 8. d5 Ng4 9. Bg5 f6 10. Bh4 Qe8 11. Nd2 Nh6 12. f3 Nf7 13. Rb1 c5 14. a3 Qe7 15. b4 Bh6 16. 0-0 b6 17. Kh1 Bd7 18. Bd3 Bg5 19. Bf2 f5 20. Bc2 Bf4 21. Re1 Bxd2 22. Qxd2 f4 23. Ba4 Bc8 24. Red1 Rd8 25. Qc2 g5 26. Bc6 Rb8 27. Qa4 Nc7 28. bxc5 dxc5 29. d6 Nxd6 30. Qxa7 Bb7 31. Nd5 Nxd5 32. Bxd5+ Kf8 33. Qxb6 Bxd5 34. Qxb8 Bxe4 35. fxe4 Rxb8 36. Rxb8+ 1-0

[Event "Bundesliga 1516"]
[Site "Germany"]
[Date "2015.09.18"]
[Round "7.8"]
[White "Dinstuhl, Volkmar"]
[Black "Karger, Frank"]
[Result "1-0"]
[WhiteElo "2406"]
[BlackElo "2282"]
[PlyCount "73"]
[EventDate "2015.09.18"]
[EventType "team-tourn"]
[EventRounds "15"]
[EventCountry "GER"]
[SourceTitle "CBM 172"]
[Source "ChessBase"]
[SourceDate "2016.05.12"]
[SourceVersion "1"]
[SourceVersionDate "2016.05.12"]
[SourceQuality "1"]
[WhiteTeam "Muelheim Nord"]
[BlackTeam "Dortmund Hansa"]
[WhiteTeamCountry "GER"]
[BlackTeamCountry "GER"]

1. d4 Nf6 2. c4 g6 3. Nc3 Bg7 4. e4 d6 5. f3 0-0 6. Nge2 Nc6 7. Bg5 a6 8. Qd2 Rb8 9. Rc1 Bd7 10. b3 b5 11. d5 Na5 12. cxb5 axb5 13. Nd4 Qe8 14. b4 Nc4 15. Bxc4 bxc4 16. b5 e6 17. a4 Ra8 18. 0-0 Kh8 19. Rfe1 Bc8 20. dxe6 fxe6 21. e5 dxe5 22. Nc6 Bb7 23. Nxe5 Nd5 24. Bh6 Bxh6 25. Qxh6 Kg8 26. Nxd5 Bxd5 27. Nxc4 Rxa4 28. Ne3 Qd8 29. Nxd5 exd5 30. Qe3 Qd7 31. Qc5 Rf7 32. Red1 d4 33. Rc4 Ra5 34. Rcxd4 Qxb5 35. Qc3 Qe5 36. Re1 Ra3 37. Rd8+ 1-0

[Event "Bundesliga 1415"]
[Site "Germany"]
[Date "2014.10.18"]
[Round "1.7"]
[White "Karger, Frank"]
[Black "Paehtz, Elisabeth"]
[Result "0-1"]
[WhiteElo "2268"]
[BlackElo "2477"]
[PlyCount "106"]
[EventDate "2014.10.18"]
[EventType "team-tourn"]
[EventRounds "15"]
[EventCountry "GER"]
[SourceTitle "CBM 163"]
[Source "ChessBase"]
[SourceDate "2014.11.11"]
[SourceVersion "1"]
[SourceVersionDate "2014.11.11"]
[SourceQuality "1"]
[WhiteTeam "Dortmund Hansa"]
[BlackTeam "Hockenheim"]
[WhiteTeamCountry "GER"]
[BlackTeamCountry "GER"]

1. d4 e6 2. c4 c5 3. d5 exd5 4. cxd5 d6 5. Nc3 g6 6. Nf3 Bg7 7. Bf4 Nf6 8. e3 0-0 9. Be2 Na6 10. 0-0 Nc7 11. a4 b6 12. Qb3 Bb7 13. Rfd1 Rb8 14. e4 Nh5 15. Bg5 Qd7 16. Nd2 f5 17. Bxh5 gxh5 18. Nc4 Ba6 19. Re1 f4 20. f3 Bd4+ 21. Kh1 Bxc4 22. Qxc4 Qg7 23. Bh4 Kh8 24. Qf1 a6 25. Bf2 Be5 26. Qd3 Rf6 27. Rg1 h4 28. Nd1 Rg6 29. Qf1 Qe7 30. Be1 b5 31. Bc3 bxa4 32. Bxe5+ Qxe5 33. Rxa4 Rb3 34. Qc4 Rb7 35. Qc3 Qxc3 36. bxc3 Rb3 37. Ra2 Rg8 38. Nf2 Rgb8 39. Nh3 Rxc3 40. Nxf4 Kg7 41. Rd1 Rcb3 42. Kg1 Kf6 43. Kf2 R8b6 44. Nd3 Nb5 45. e5+ Ke7 46. exd6+ Kxd6 47. Rc2 Rc3 48. Re2 Nd4 49. Re4 Rc2+ 50. Kf1 h3 51. gxh3 Rxh2 52. Rde1 Kxd5 53. Re5+ Kc4 0-1

[Event "NRW Class1 1415"]
[Site "Germany"]
[Date "2014.09.14"]
[Round "1.4"]
[White "Noetzel, Frank"]
[Black "Karger, Frank"]
[Result "1/2-1/2"]
[WhiteElo "2165"]
[BlackElo "2271"]
[PlyCount "54"]
[EventDate "2014.09.14"]
[EventType "team-tourn"]
[EventRounds "9"]
[EventCountry "GER"]
[SourceTitle "EXT 2017"]
[Source "ChessBase"]
[SourceDate "2016.10.25"]
[SourceVersion "1"]
[SourceVersionDate "2016.10.25"]
[SourceQuality "1"]
[WhiteTeam "Elberfeld"]
[BlackTeam "Dortmund Hansa II"]
[WhiteTeamCountry "GER"]
[BlackTeamCountry "GER"]

1. f4 b6 2. d3 Bb7 3. e4 e6 4. Nf3 d5 5. Qe2 dxe4 6. dxe4 Nf6 7. e5 Nd5 8. a3 a5 9. Bd2 Bc5 10. Nc3 Nxc3 11. Bxc3 0-0 12. h4 Ba6 13. Qe4 Qd5 14. Ng5 Qxe4+ 15. Nxe4 Be7 16. h5 Rd8 17. Be2 Nd7 18. Bxa6 Rxa6 19. Rd1 Raa8 20. a4 Nc5 21. Nxc5 Bxc5 22. Ke2 Kf8 23. Kf3 Bb4 24. Bd4 Bc5 25. Bc3 Bb4 26. Bd4 Bc5 27. Bc3 Bb4 1/2-1/2

[Event "NRW Class2 1314"]
[Site "Germany"]
[Date "2014.02.02"]
[Round "6.3"]
[White "Buendgen, Achim"]
[Black "Karger, Frank"]
[Result "0-1"]
[WhiteElo "2184"]
[BlackElo "2231"]
[PlyCount "124"]
[EventDate "2013.09.15"]
[EventType "team-tourn"]
[EventRounds "9"]
[EventCountry "GER"]
[SourceTitle "EXT 2015"]
[Source "ChessBase"]
[SourceDate "2014.11.20"]
[SourceVersion "1"]
[SourceVersionDate "2014.11.20"]
[SourceQuality "1"]
[WhiteTeam "Neuenkirchen"]
[BlackTeam "Dortmund Hansa II"]
[WhiteTeamCountry "GER"]
[BlackTeamCountry "GER"]

1. e4 c5 2. b3 b6 3. Bb2 Bb7 4. Nc3 e6 5. Nf3 a6 6. d4 cxd4 7. Nxd4 d6 8. Bd3 Nf6 9. 0-0 Be7 10. f4 0-0 11. Qe2 b5 12. Kh1 b4 13. Nd1 Nbd7 14. e5 dxe5 15. fxe5 Nd5 16. Ne3 Nc5 17. Nxd5 Qxd5 18. Bc4 Qe4 19. Rae1 Rad8 20. Qxe4 Nxe4 21. Rf4 Nc5 22. a3 bxa3 23. Bxa3 Nd3 24. Bxd3 Bxa3 25. Nf3 Bb2 26. Ra4 Bc3 27. Re2 a5 28. Kg1 h6 29. Kf2 Rc8 30. Nd2 Rfd8 31. Nc4 Rc5 32. Be4 Ba6 33. Bd3 Bb5 34. Ra2 Bxc4 35. Bxc4 Bxe5 36. g3 Bc3 37. Ra4 Rd1 38. Bd3 Bb4 39. Kg2 g6 40. h4 Kg7 41. Ra2 Rd5 42. Kf3 e5 43. h5 f5 44. Bc4 e4+ 45. Kg2 Rd6 46. hxg6 Rxg6 47. c3 Bxc3 48. Rf2 Kf6 49. Be2 Rd5 50. Rc2 Be5 51. Rc6+ Rd6 52. Rxd6+ Bxd6 53. g4 f4 54. Kh3 Ke5 55. Rf1 f3 56. Bc4 Kf4 57. Rd1 Be5 58. Rd8 e3 59. Bd3 Rd6 60. Rf8+ Rf6 61. Rc8 e2 62. Rc4+ Ke3 0-1

[Event "Oberliga NRW 1213"]
[Site "Germany"]
[Date "2013.03.10"]
[Round "7.1"]
[White "Saltaev, Mihail"]
[Black "Karger, Frank"]
[Result "1/2-1/2"]
[WhiteElo "2451"]
[BlackElo "2245"]
[PlyCount "209"]
[EventDate "2012.09.16"]
[EventType "team-tourn"]
[EventRounds "9"]
[EventCountry "GER"]
[SourceTitle "EXT 2017"]
[Source "ChessBase"]
[SourceDate "2016.10.25"]
[SourceVersion "1"]
[SourceVersionDate "2016.10.25"]
[SourceQuality "1"]
[WhiteTeam "Muelheim Nord II"]
[BlackTeam "Dortmund Hansa II"]
[WhiteTeamCountry "GER"]
[BlackTeamCountry "GER"]

1. e4 c5 2. Nf3 e6 3. d4 cxd4 4. Nxd4 a6 5. c4 Nf6 6. Nc3 d6 7. Be2 Be7 8. 0-0 0-0 9. Be3 b6 10. f3 Bb7 11. Qd2 Nbd7 12. Rfd1 Qc7 13. Rac1 Rac8 14. Bf1 Rfe8 15. Bf2 Qb8 16. Nc2 Ne5 17. Ne3 h5 18. b3 Rcd8 19. Qb2 Nfd7 20. Qe2 Ng6 21. g3 h4 22. Bg2 hxg3 23. hxg3 Nge5 24. f4 Ng6 25. Qh5 Nf6 26. Qh1 Bf8 27. a4 Ba8 28. Bf3 Rd7 29. Rd3 Red8 30. Rcd1 Ne8 31. Nc2 Be7 32. Kf1 Nc7 33. Qh5 Nf8 34. Kg2 g6 35. Qh3 Bf6 36. Rh1 Bg7 37. Nd4 Ne8 38. Nde2 f5 39. g4 fxe4 40. Nxe4 d5 41. cxd5 Bxd5 42. Re3 Qb7 43. Bh4 Rc8 44. N4c3 Bxf3+ 45. Qxf3 Qxf3+ 46. Kxf3 Nf6 47. Bf2 Nd5 48. Nxd5 Rxd5 49. Rc1 Rxc1 50. Nxc1 b5 51. Rd3 bxa4 52. Rxd5 exd5 53. bxa4 Ne6 54. Na2 Bd4 55. Nb4 Bxf2 56. Kxf2 Nc5 57. a5 d4 58. Nc6 d3 59. Ke3 Kg7 60. Nb4 Kf6 61. Nxd3 Nb3 62. Ke4 Nxa5 63. g5+ Kf7 64. Nc5 Nc6 65. Nxa6 Ke6 66. Nc5+ Kd6 67. Nd3 Ke6 68. Ne5 Ne7 69. Nf3 Nc6 70. Nd4+ Nxd4 71. Kxd4 Kd6 72. Ke3 Ke7 73. Kf2 Kf8 74. Ke1 Ke7 75. Ke2 Ke6 76. Kf2 Kd6 77. Kf3 Kd7 78. Kg3 Ke7 79. Kf2 Kd6 80. Ke2 Ke6 81. Kd2 Kd6 82. Kc3 Ke6 83. Kd3 Kd7 84. Ke3 Ke7 85. Kf3 Kd7 86. Ke2 Ke6 87. Kd3 Kd7 88. Ke3 Ke7 89. Kd4 Kd6 90. Ke4 Ke6 91. Kf3 Kd7 92. Kf2 Kd6 93. Ke1 Ke7 94. Kd2 Kd6 95. Kc3 Ke6 96. Kd3 Kd7 97. Ke4 Ke6 98. f5+ gxf5+ 99. Kf4 Kf7 100. Kxf5 Kg7 101. g6 Kg8 102. Kf4 Kg7 103. Kg5 Kg8 104. Kh6 Kh8 105. g7+ 1/2-1/2

[Event "Oberliga NRW 1213"]
[Site "Germany"]
[Date "2013.01.20"]
[Round "5.1"]
[White "Karger, Frank"]
[Black "Henrichs, Thomas"]
[Result "0-1"]
[WhiteElo "2245"]
[BlackElo "2503"]
[PlyCount "80"]
[EventDate "2012.09.16"]
[EventType "team-tourn"]
[EventRounds "9"]
[EventCountry "GER"]
[SourceTitle "EXT 2017"]
[Source "ChessBase"]
[SourceDate "2016.10.25"]
[SourceVersion "1"]
[SourceVersionDate "2016.10.25"]
[SourceQuality "1"]
[WhiteTeam "Dortmund Hansa II"]
[BlackTeam "Bochum Wattenscheid II"]
[WhiteTeamCountry "GER"]
[BlackTeamCountry "GER"]

1. d4 Nf6 2. c4 e6 3. Nc3 Bb4 4. e3 0-0 5. Nge2 c6 6. a3 Ba5 7. b4 Bc7 8. e4 d5 9. e5 Ne8 10. Ng3 f6 11. exf6 Qxf6 12. Be3 Nd6 13. c5 Nf5 14. Nxf5 exf5 15. Be2 f4 16. Bc1 Qg6 17. Kf1 Bf5 18. Ra2 Nd7 19. f3 Qf6 20. Qd2 Rae8 21. Nd1 Re7 22. Nf2 Rfe8 23. Qd1 Nf8 24. Rd2 Re3 25. Bb2 Ng6 26. Rg1 Qh4 27. Rh1 Qe7 28. Rg1 Nh4 29. Bc1 Bc8 30. Ra2 Nf5 31. Ng4 Re6 32. Nf2 Qh4 33. Rh1 Bd8 34. Kg1 Bf6 35. Rd2 Nxd4 36. Rxd4 Rxe2 37. g3 fxg3 38. Rxh4 gxf2+ 39. Kg2 f1Q+ 40. Kxf1 Bxh4 0-1

[Event "Oberliga NRW 1213"]
[Site "Germany"]
[Date "2012.11.18"]
[Round "3.3"]
[White "Karger, Frank"]
[Black "Erwich, Frank"]
[Result "0-1"]
[WhiteElo "2245"]
[BlackElo "2331"]
[PlyCount "112"]
[EventDate "2012.09.16"]
[EventType "team-tourn"]
[EventRounds "9"]
[EventCountry "GER"]
[SourceTitle "EXT 2017"]
[Source "ChessBase"]
[SourceDate "2016.10.25"]
[SourceVersion "1"]
[SourceVersionDate "2016.10.25"]
[SourceQuality "1"]
[WhiteTeam "Dortmund Hansa II"]
[BlackTeam "Erkenschwick"]
[WhiteTeamCountry "GER"]
[BlackTeamCountry "GER"]

1. d4 Nf6 2. c4 e6 3. Nc3 Bb4 4. f3 d5 5. a3 Bxc3+ 6. bxc3 c5 7. cxd5 Nxd5 8. dxc5 f5 9. c4 Qh4+ 10. g3 Qxc4 11. e4 Qc3+ 12. Bd2 Qe5 13. Bg2 fxe4 14. f4 Qf6 15. Bxe4 Nc3 16. Bxc3 Qxc3+ 17. Kf1 0-0 18. Nf3 Nd7 19. Kg2 Qb2+ 20. Bc2 Nxc5 21. Re1 b6 22. Qe2 Qf6 23. h4 Bb7 24. Kh3 Qc3 25. Ng5 h6 26. Rac1 Qxa3 27. Qh5 Rf6 28. Nh7 Rxf4 29. Rf1 Rf3 30. Qg6 Rxg3+ 31. Qxg3 Qxg3+ 32. Kxg3 Be4 33. Ng5 hxg5 34. hxg5 Kh7 35. Bxe4+ Nxe4+ 36. Kf4 Nc5 37. Kg4 Kg6 38. Rf3 Rd8 39. Rcf1 Rd5 40. Rf7 Rxg5+ 41. Kh3 a5 42. Ra7 Rh5+ 43. Kg2 Rf5 44. Rb1 Na4 45. Rd1 Rd5 46. Rxd5 exd5 47. Rd7 Nc3 48. Kf3 b5 49. Ke3 b4 50. Kd4 Kf6 51. Rd8 g5 52. Ra8 g4 53. Rxa5 g3 54. Ke3 b3 55. Ra6+ Ke5 56. Rb6 b2 0-1

[Event "SM-2012-0-00210"]
[Site "LSS email"]
[Date "2012.08.09"]
[Round "?"]
[White "Karger, Frank"]
[Black "Jarabinsky, Martin"]
[Result "0-1"]
[WhiteElo "2238"]
[BlackElo "2369"]
[PlyCount "46"]
[EventDate "2012.07.11"]
[EventType "tourn (corr)"]
[EventRounds "6"]
[EventCountry "GER"]
[SourceTitle "Corr 2022"]
[Source "ChessBase"]
[SourceDate "2021.10.24"]
[SourceVersion "1"]
[SourceVersionDate "2021.10.24"]
[SourceQuality "1"]

1. d4 d5 2. c4 e6 3. Nf3 c5 4. cxd5 exd5 5. g3 Nc6 6. Bg2 Nf6 7. 0-0 Be7 8. Nc3 c4 9. Ne5 0-0 10. Bf4 Bf5 11. g4 Nxg4 12. Nxd5 Ngxe5 13. dxe5 Bc5 14. Rc1 Bd4 15. Rxc4 Bxb2 16. Qd2 Bxe5 17. Bxe5 Nxe5 18. Rc7 Be6 19. Rxb7 Ng6 20. Rd1 Rc8 21. Rxa7 Qh4 22. Ra3 Bxd5 23. Qxd5 Nf4 0-1

[Event "ZH-2012-0-00849"]
[Site "LSS email"]
[Date "2012.08.09"]
[Round "?"]
[White "Karger, Frank"]
[Black "Kopasov, Evgeny Aleksandrovi"]
[Result "0-1"]
[WhiteElo "2090"]
[BlackElo "2225"]
[PlyCount "32"]
[EventDate "2012.08.05"]
[EventType "match (corr)"]
[EventRounds "2"]
[EventCountry "GER"]
[SourceTitle "Corr 2015"]
[Source "ChessBase"]
[SourceDate "2015.07.17"]
[SourceVersion "1"]
[SourceVersionDate "2015.07.17"]
[SourceQuality "1"]

1. d4 Nf6 2. c4 g6 3. Nc3 d5 4. cxd5 Nxd5 5. e4 Nxc3 6. bxc3 Bg7 7. Bc4 c5 8. Ne2 0-0 9. Be3 Nc6 10. Rc1 cxd4 11. cxd4 Qa5+ 12. Kf1 Qa3 13. Rc3 Qd6 14. h4 h5 15. f3 Rd8 16. Kf2 Nxd4 0-1

[Event "Bundesliga 1112"]
[Site "Germany"]
[Date "2012.02.26"]
[Round "11.6"]
[White "Levin, Felix"]
[Black "Karger, Frank"]
[Result "1/2-1/2"]
[WhiteElo "2482"]
[BlackElo "2233"]
[PlyCount "157"]
[EventDate "2011.10.14"]
[EventType "team-tourn"]
[EventRounds "15"]
[EventCountry "GER"]
[SourceTitle "CBM 148"]
[Source "ChessBase"]
[SourceDate "2012.05.16"]
[SourceVersion "1"]
[SourceVersionDate "2012.05.16"]
[SourceQuality "1"]
[WhiteTeam "Muelheim Nord"]
[BlackTeam "Dortmund Hansa"]
[WhiteTeamCountry "GER"]
[BlackTeamCountry "GER"]

1. Nf3 c5 2. c4 Nf6 3. Nc3 e6 4. g3 b6 5. Bg2 Bb7 6. 0-0 Be7 7. d4 cxd4 8. Qxd4 d6 9. Rd1 a6 10. Bg5 Nbd7 11. Qd2 Qc7 12. Bf4 Rc8 13. Rac1 0-0 14. Bxd6 Bxd6 15. Qxd6 Qxd6 16. Rxd6 Rxc4 17. Ne5 Rc7 18. Nxd7 Nxd7 19. Rcd1 Bc8 20. a4 Ne5 21. Rxb6 Nc4 22. Rc6 Rxc6 23. Bxc6 Nxb2 24. Rd4 a5 25. Bb5 Bb7 26. Rd7 Rb8 27. f3 g6 28. Kf2 Kf8 29. g4 g5 30. Rc7 Rc8 31. Rxb7 Rxc3 32. Ra7 Ra3 33. Rxa5 Nd1+ 34. Ke1 Nc3 35. Bc6 Ra2 36. e4 Re2+ 37. Kf1 Rxh2 38. Rxg5 Ne2 39. e5 Nd4 40. Be4 Ra2 41. Rh5 Rxa4 42. Kf2 Nb5 43. Bxh7 Nc3 44. Bd3 Ra2+ 45. Kg3 Rd2 46. Bf1 Nd5 47. Rh8+ Kg7 48. Rb8 Ne3 49. Bh3 Nd5 50. Rb3 Rd4 51. Bf1 Nf4 52. Ba6 Ra4 53. Bb7 Ng6 54. Rb5 Nf4 55. Rb3 Ng6 56. Rb5 Nf4 57. Kh4 Ne2 58. Rb2 Nf4 59. Be4 Ng6+ 60. Bxg6 Kxg6 61. Kg3 Ra3 62. Rb4 Re3 63. Kf4 Ra3 64. Re4 Ra1 65. Re3 Rg1 66. Ra3 Rg2 67. Ra8 Re2 68. Rg8+ Kh7 69. Rg5 Kh6 70. Rh5+ Kg6 71. Rh1 Kg7 72. g5 Kg6 73. Rh6+ Kg7 74. Rf6 Rg2 75. Rh6 Re2 76. Rh1 Kg6 77. Rh8 Kg7 78. Rb8 Re1 79. Rc8 1/2-1/2

[Event "NRW Class2 1112"]
[Site "Germany"]
[Date "2012.02.05"]
[Round "6.3"]
[White "Karger, Frank"]
[Black "Jesse, Ingemars"]
[Result "1-0"]
[WhiteElo "2254"]
[BlackElo "2339"]
[PlyCount "59"]
[EventDate "2011.09.18"]
[EventType "team-tourn"]
[EventRounds "9"]
[EventCountry "GER"]
[SourceTitle "EXT 2015"]
[Source "ChessBase"]
[SourceDate "2014.11.20"]
[SourceVersion "1"]
[SourceVersionDate "2014.11.20"]
[SourceQuality "1"]
[WhiteTeam "Dortmund Hansa II"]
[BlackTeam "Lippstadt Turm"]
[WhiteTeamCountry "GER"]
[BlackTeamCountry "GER"]

1. d4 Nf6 2. c4 g6 3. Nc3 Bg7 4. e4 0-0 5. Nf3 c6 6. Bd3 d6 7. h3 Nbd7 8. Be3 e5 9. d5 c5 10. 0-0 Nh5 11. Re1 a6 12. Rb1 f5 13. exf5 gxf5 14. Ng5 Ndf6 15. Ne6 Bxe6 16. dxe6 f4 17. Bd2 Bh6 18. Nd5 Re8 19. Be2 Nxd5 20. Bxh5 Nc7 21. Ba5 Re7 22. b4 cxb4 23. Rxb4 b5 24. cxb5 axb5 25. Rxb5 Rg7 26. Bf7+ Kh8 27. Rbxe5 f3 28. Qxf3 dxe5 29. Bxc7 Qf8 30. e7 1-0

[Event "NRW Class2 1112"]
[Site "Germany"]
[Date "2011.09.18"]
[Round "1.5"]
[White "Karger, Frank"]
[Black "Haas, Kai Markus"]
[Result "1-0"]
[WhiteElo "2254"]
[BlackElo "1975"]
[PlyCount "59"]
[EventDate "2011.09.18"]
[EventType "team-tourn"]
[EventRounds "9"]
[EventCountry "GER"]
[SourceTitle "EXT 2015"]
[Source "ChessBase"]
[SourceDate "2014.11.20"]
[SourceVersion "1"]
[SourceVersionDate "2014.11.20"]
[SourceQuality "1"]
[WhiteTeam "Dortmund Hansa II"]
[BlackTeam "Sendenhorst"]
[WhiteTeamCountry "GER"]
[BlackTeamCountry "GER"]

1. d4 c5 2. d5 e5 3. e4 d6 4. Bb5+ Nd7 5. a4 a6 6. Be2 Be7 7. Nf3 Ngf6 8. Nc3 b6 9. 0-0 Nf8 10. Nd2 Ng6 11. Nc4 0-0 12. Be3 Rb8 13. f3 Ne8 14. Qd2 h6 15. Rfb1 a5 16. Nb5 Rb7 17. c3 Nc7 18. b4 Nxb5 19. axb5 axb4 20. cxb4 Bg5 21. Bxg5 hxg5 22. bxc5 dxc5 23. Ra8 Qf6 24. Rba1 Nf4 25. Bf1 g6 26. Qb2 Re8 27. g3 Nh5 28. Bh3 Qxf3 29. Bxc8 Rc7 30. Bg4 1-0

[Event "NRW Class1 1011"]
[Site "Germany"]
[Date "2011.02.20"]
[Round "7.1"]
[White "Karger, Frank"]
[Black "Muschik, Benedikt"]
[Result "1/2-1/2"]
[WhiteElo "2255"]
[BlackElo "2303"]
[PlyCount "38"]
[EventDate "2010.09.26"]
[EventType "team-tourn"]
[EventRounds "9"]
[EventCountry "GER"]
[SourceTitle "EXT 2012"]
[Source "ChessBase"]
[SourceDate "2011.11.24"]
[SourceVersion "1"]
[SourceVersionDate "2011.11.24"]
[SourceQuality "1"]
[WhiteTeam "Dortmund Hansa II"]
[BlackTeam "Neuenkirchen"]
[WhiteTeamCountry "GER"]
[BlackTeamCountry "GER"]

1. d4 g6 2. e4 Bg7 3. Nf3 d6 4. c4 Bg4 5. Be2 Nc6 6. Be3 e5 7. dxe5 dxe5 8. Qa4 Bxf3 9. Bxf3 Nge7 10. Nc3 0-0 11. g3 Nd4 12. Bg2 a6 13. c5 Qe8 14. Qxe8 Rfxe8 15. Rc1 Rad8 16. 0-0 Nec6 17. Rfd1 Bf8 18. Bf1 Bxc5 19. Nd5 Be7 1/2-1/2

[Event "NRW Class1 1011"]
[Site "Germany"]
[Date "2011.01.09"]
[Round "5.1"]
[White "Karger, Frank"]
[Black "Podzielny, Karl Heinz"]
[Result "0-1"]
[WhiteElo "2255"]
[BlackElo "2446"]
[PlyCount "80"]
[EventDate "2010.09.26"]
[EventType "team-tourn"]
[EventRounds "9"]
[EventCountry "GER"]
[SourceTitle "EXT 2012"]
[Source "ChessBase"]
[SourceDate "2011.11.24"]
[SourceVersion "1"]
[SourceVersionDate "2011.11.24"]
[SourceQuality "1"]
[WhiteTeam "Dortmund Hansa II"]
[BlackTeam "Letmathe"]
[WhiteTeamCountry "GER"]
[BlackTeamCountry "GER"]

1. d4 Nf6 2. c4 g6 3. Nc3 Bg7 4. e4 d6 5. Nf3 0-0 6. Be2 a5 7. 0-0 Na6 8. Be3 Qe8 9. Nd2 e5 10. d5 h5 11. f3 Kh7 12. a3 Bd7 13. b3 Bh6 14. Bf2 Qe7 15. Rb1 Ng8 16. b4 Qg5 17. Rb2 Bh3 18. g3 axb4 19. axb4 Bxf1 20. Nxf1 Qe7 21. Qb3 f5 22. exf5 gxf5 23. Qc2 Kh8 24. Bd3 Qf6 25. c5 Ne7 26. Rb3 h4 27. Qe2 Nb8 28. b5 dxc5 29. Bxc5 Nd7 30. Bf2 Qd6 31. b6 Nxb6 32. Bxb6 cxb6 33. Kg2 Nxd5 34. Nxd5 Qxd5 35. Bc4 Qd4 36. Rb5 Ra5 37. Rb1 Rc5 38. Rxb6 Qxc4 39. Rxh6+ Kg7 40. Qd2 Qc2 0-1